000 00925nam a2200277Ia 4500
003 OSt
005 20221005111328.0
006 a|||||r|||| 00| 0
007 ta
008 221004b |||||||| |||| 00| 0 hin d
020 _a9788181436733 (hbk)
_c250
024 _a23232
037 _b214, 16/11/2015, Eastern Book Linkers
_cTextual
040 _aCRL
_cCRL
_bhin
041 _2hin
_ahin
082 _aP, 152Q1
100 _aदिलीप सिंह, ले.
245 0 _aभाषा का संसार
246 _aBhāṣhā kā sansāra
250 _aसंस्करण 2
260 _aनई दिल्ली
_bवाणी प्रकाशन भारत
_c2011
300 _a179पृ.
_ccm.
650 _aशिक्षण
942 _hP, 152Q1
_cTEXL
_2cc
999 _c1021511
_d1021511